Global Lorentzian geometry

Αποθηκεύτηκε σε:
Λεπτομέρειες βιβλιογραφικής εγγραφής
Κύριος συγγραφέας: Beem, John K., 1942-
Άλλοι συγγραφείς: Ehrlich, Paul E., Easley, Kevin L. 1956-
Μορφή: Βιβλίο
Γλώσσα:English
Δημοσίευση: New York : Marcel Dekker, Inc., c1996
Έκδοση:2nd ed.
Σειρά:Monographs and textbooks in pure and applied mathematics ; ; 202
Θέματα:
Ετικέτες: Προσθήκη ετικέτας
Δεν υπάρχουν, Καταχωρήστε ετικέτα πρώτοι!

MARC

LEADER 00000nam a2200000 i 4500
001 1/15604
008 010122s1996 eng d
020 |a 0-8247-9324-2 
035 |l 10065467 
040 |a GR-MY-UA  |b gre  |e aacr 
041 0 |a eng 
082 0 |a 516.37 
100 1 |a Beem, John K.,   |d 1942- 
245 1 0 |a Global Lorentzian geometry /  |c John K. Beem, Paul E. Ehrlich, Kevin L. Easley 
250 |a 2nd ed. 
260 |a New York :   |b Marcel Dekker, Inc.,   |c c1996 
300 |a xiv, 635 σ.;  |b εικ.;  |c 24 εκ. 
490 1 |a Monographs and textbooks in pure and applied mathematics  |v ; 202 
504 |a Περιέχει βιβλιογραφικές παραπομπές (σ. 587-616) και ευρετήριο 
650 0 0 |a Geometry, Differential. 
650 0 0 |a General relativity (Physics) 
700 1 |a Ehrlich, Paul E. 
700 1 |a Easley, Kevin L.  |d 1956- 
830 0 |a Monographs and textbooks in pure and applied mathematics ;  |v ; 202 
852 |a INST  |b LESVOS  |e 20010122  |h 516.37 BEE  |p 005100029184  |q 005100029184  |t BK  |y 0 
901 |a BIBL1-2001-1 
909 |a Λ  |b 084548 
922 |a 1ΕΛΗ  |b 200012  |c ΤΑΚ/ΤΕΘ  |d ΜΙΧΑΛΟΠΟΥΛΟΣ 
950 |a 134-2000-12-06 
970 |a ΤΖΑΦΕΡΗ  |b ΕΥΑΓΓΕΛΙΑ  |z 2001/02/28